The commercial storage of fruits, vegetables, and florist and nursery stocks

Gorde:
Xehetasun bibliografikoak
Erakunde egilea: Agricultural Research Service (Egilea)
Formatua: Liburua
Hizkuntza:ingelesa
Argitaratua: Washington, D.C United States Department of Agriculture 1978
Saila:Agriculture Handbook, 66
Gaiak:
Etiketak: Etiketa erantsi
Etiketarik gabe, Izan zaitez lehena erregistro honi etiketa jartzen!

MARC

LEADER 00000nam a2200000 a 4500
001 UCQ0972
003 CL-VaPUC
008 980703e19780000US |||||||||||||||||eng|d
082 0 4 |a 641.4  |b AGR  |2 21 
110 2 |a Agricultural Research Service  |e author  |9 414453 
245 1 4 |a The commercial storage of fruits, vegetables, and florist and nursery stocks 
300 |a 94 p 
942 |c BK 
945 |d 19980703 00:00:00  |a aalvarez 
260 |a Washington, D.C  |b United States Department of Agriculture  |c 1978 
650 0 |a Frutas  |9 259500 
650 0 |a Verduras  |9 350549 
650 0 |a Almacenamiento  |9 341876 
650 7 |a COMERCIALIZACION AGRICOLA  |2 CL-VaPUC  |9 401764 
650 0 |a Flores  |9 310803 
583 |a last modification  |c 19980703 00:00:00  |k Rodrigo Vera 
490 0 |a Agriculture Handbook, 66 
999 |c 271990  |d 271988 
952 |0 0  |1 0  |4 0  |6 641_400000000000000_AGR_1978  |7 0  |8 A  |9 306799  |a BIBALI  |b BIBALI  |d 2019-11-20  |i 3437892  |o 641.4 AGR 1978  |p 3437892  |r 2025-01-20  |w 2019-11-20  |y BK  |k ALI